000 00853nam a2200205Ii 4500
003 JO-AjNU
008 230605s9999||||xx |||||||||||||| ||und||
040 _aJO-AjNU
_bara
_erda
_cJO-AjNU
041 _aara
050 1 4 _aPJ6161.Q3.2007
100 3 _aتأليف القرطاجني، أبي الحسن حازم؛ تقديم وتحقيق محمد الحبيب ابن الخوجة,
_eauthor
_911536
245 0 0 _aمنهاج البلغاء وسراج الإدباء
250 _aط4
264 3 1 _aبيروت: دار الغرب الإسلامي، 2007
300 _a468ص
_bالأصل أطروحة دكتوراه-جامعة باريس.
336 _atext
_btxt
_2rdacontent
337 _aunmediated
_bn
_2rdamedia
338 _avolume
_bnc
_2rdacarrier
650 4 _aاللغة العربية -- بلاغة -- اللغة العربية -- تاريخ
_911537
999 _aA2375
_c5943
_d5943